[Event "EU-chT (Women) 08th"]
[Site "Novi Sad"]
[Date "2009.10.30"]
[Round "9"]
[White "Kosintseva, Nadezhda"]
[Black "Galojan, Lilit"]
[Result "1-0"]
[WhiteElo "2493"]
[BlackElo "2326"]
[Annotator "Kosintseva,N"]
[PlyCount "105"]
[EventDate "2009.10.22"]
[EventType "team-swiss"]
[EventRounds "9"]
[EventCountry "YUG"]
[SourceTitle "CBM 133"]
[Source "ChessBase"]
[SourceDate "2009.11.19"]
[SourceVersion "1"]
[SourceVersionDate "2009.11.19"]
[SourceQuality "1"]
[WhiteTeam "Russia (W)"]
[BlackTeam "Armenia (W)"]
[WhiteTeamCountry "RUS"]
[BlackTeamCountry "ARM"]

{This game was played in the final round, in our match against Armenia. In
order to secure the title of European Champions, it was essential for our team
to win this match, regardless of the score. After a tense struggle over many
hours, the match ended in three draws, plus this far from error-free, but,
from the sporting point of view, extremely important game for Russia.} 1. e4 e5
2. Nf3 Nc6 3. Bb5 a6 4. Ba4 Nf6 5. O-O Be7 6. Re1 b5 7. Bb3 O-O 8. c3 d6 9. d4
$5 {Avoiding the classical Spanish main line after 9.h3.} Bg4 10. d5 Na5 11.
Bc2 c6 12. h3 Bc8 {After the other retreat along the same diagonal, 12..Bd7,
White has a tactical nuance - 13.Nxe5 dxe5 14.d6 gaining the bishop pair.} ({
The alternative is} 12... Bxf3 13. Qxf3 cxd5 14. exd5 Nc4 15. Nd2 Nb6 16. Nf1 {
sacrificing the d5-pawn for interesting piece play.}) 13. dxc6 Nxc6 $6 {
In all probability, my opponent was not especially familiar with the theory of
this variation, and she quickly played a natural, but probably not the best,
move.} ({More interesting is} 13... Qc7 14. Nbd2 Qxc6 {with a complicated
manoeuvering game, where the Na5 will re-position itself via c4, preventing a
comfortable deployment of the white pieces on the queenside.}) 14. Nbd2 d5 $2 {
In this position, this typical method of opening the game only plays into
White's hands; the e5-pawn is significantly weakened, and my pieces obtain
some excellent posts in the centre.} ({Even so, after quieter continuations,
such as} 14... h6 15. Nf1 Re8 16. Ne3 Bf8 17. a4 {White's advantage is evident,
as was shown, for example, in the following game:} Bb7 18. Nh2 b4 19. Nhg4 bxc3
20. Nxf6+ Qxf6 21. bxc3 Ne7 22. Rb1 Bc8 23. Rb6 Rd8 24. a5 Ng6 25. Nd5 $16 {
1-0 Tseshkovsky,V (2528)-Vijayalakshmi,S (2405)/Hastings 2001/EXT 2003 (53)})
15. exd5 $5 (15. Qe2 {seemed to me to offer little after} d4 16. cxd4 Nxd4 17.
Nxd4 Qxd4 18. Nf3 Qd6 19. Bd2 Be6 20. Bc3 Nd7 {although even here after} 21.
Red1 Qc7 22. Bb3 {White's active pieces and space advantage ensure him a
lasting advantage.}) ({Another interesting line was to start with the standard
advance} 15. a4 $5 {,creating another black weakness, and then possibilities
include:} Bb7 (15... Be6 16. axb5 axb5 17. Rxa8 Qxa8 18. exd5 Bxd5 19. Qe2 $1 {
winning a pawn} ({But not the immediate} 19. Nxe5 $6 Nxe5 20. Rxe5 Bd6 21. Rg5
Rd8 $44)) (15... b4 16. exd5 Qxd5 ({on} 16... Nxd5 {the simplest is} 17. c4 Nf4
18. Nxe5 Nxe5 19. Rxe5 Be6 20. Qf3 Ng6 21. Re1 {with an extra pawn}) 17. Qe2 ({
or} 17. c4 $5 Qd7 18. b3) 17... bxc3 18. bxc3 {and it is not clear how Black
can defend e5} a5 (18... Bb7 19. Nc4 $16) 19. Nxe5 Nxe5 20. Qxe5 Qxe5 21. Rxe5
Bd6 22. Re1 $16) 16. exd5 Qxd5 17. Qe2 {with the same variations that could
arise in the game.}) 15... Qxd5 16. Qe2 Bb7 17. Bb3 $2 {A routine decision,
based on an under-estimation of Black's reply. I have to admit that I was
affected by my opponent's rapid play, and not wishing to concede a
psychological advantage, I tried to keep up the same tempo of play, at the
cost of quality, which was completely unnecessary. My pieces are already
well-placed, unlike those of my opponent, so it was time to start playing with
the pawns:} ({After the natural} 17. a4 $1 b4 ({on} 17... Rfe8 {there is the
unpleasant} 18. Ne4 {with the idea of Rd1}) 18. Nc4 {Black cannot avoid
material loss.} ({not} 18. Bb3 Qc5) 18... Rad8 (18... Rae8 {is worse:} 19. Rd1
Qe6 20. Ng5 Qc8 21. Nd6 Bxd6 22. Rxd6 $36) 19. Ncxe5 Nxe5 (19... Rfe8 20. Ng4
$16) 20. Qxe5 Rfe8 21. Qxd5 Bxd5 22. cxb4 $5 Bxb4 23. Rxe8+ Rxe8 24. Bf4 $16)
17... Qd7 $1 18. Ne4 ({Taking the pawn with} 18. Nxe5 Nxe5 19. Qxe5 {is
extremely dangerous; after} Bd6 20. Qd4 Rad8 {followed by Qc6 or Qc7 White has
a difficult position.}) ({I did not like} 18. Nf1 {because of} e4 19. Ng5 Ne5 {
and after} 20. Ng3 Nd3 21. Rd1 Qc6 $140 $1 22. N5xe4 (22. Nf5 Bc5 23. Be3 Rae8
$36) 22... Nxe4 23. Rxd3 Nxg3 24. Rxg3 Bh4 25. Rf3 (25. Rg4 h5 $17) 25... Qg6 {
White loses the exchange.}) ({Meanwhile, after} 18. a4 b4 19. Nc4 {Black has
the move} e4 $1 {with double-edged play, eg} 20. Nfd2 (20. Ng5 Rae8 21. Bc2
bxc3 22. bxc3 Nd8 $5 23. Na5 Bd5 24. Qxa6 (24. c4 Ba8 $13) (24. Rd1 Qf5 $13)
24... Qc7 25. Be3 Bc5 $44) 20... Rae8 21. Bc2 Qc8 $5 22. Nxe4 $140 (22. a5 bxc3
23. bxc3 Na7 $13) 22... bxc3 23. bxc3 (23. Nxc3 $2 Nd4) 23... Na5 $1 24. Nxa5
Bxe4 25. Bxe4 Nxe4 $11) 18... Rad8 $6 {An inaccuracy, allowing me to retain
the knights and keep up the pressure in the centre.} ({After} 18... Nxe4 19.
Qxe4 {the calm} Bf6 {solves all Black's problems.} ({of course, not} 19... Nd4
$2 {because of} 20. Nxe5 Bxe4 21. Nxd7 $18) 20. Bc2 (20. Bg5 $2 {does not work,
because now there is already a threat of} Nd4 21. Nxe5 Bxe5 22. Qxe5 Nxb3 23.
axb3 f6 24. Qe7 Qc6 $19) 20... g6 21. Bh6 Rfe8 {with an equal game.}) 19. Ng3
$1 {Avoiding simplification.} Rfe8 ({Sacrificing a pawn gives Black
insufficient compensation after} 19... Nd5 20. Nxe5 Nxe5 21. Qxe5 Rfe8 {
because of} 22. Qf5 Qc6 23. Qf3 Qd7 24. Rd1 Qe6 25. Be3 $16) ({and after the
prophylactic} 19... h6 20. Be3 {White retains the initiative:} ({But not} 20.
Nxe5 $4 Nxe5 21. Qxe5 Qc6 $19) 20... Qc7 (20... e4 21. Rad1 $1) 21. Nf5 $14)
20. Ng5 ({The alternative was} 20. Be3 Qc7 21. Ng5 (21. Nf5 Na5 $1) 21... Rf8
22. Nf5 h6 (22... Na5 $2 23. Bb6 $18) 23. Nf3 $14) 20... Nd5 ({On} 20... Rf8 {
White, if he cannot find anything better, can always return after 21.Nf3 Rfe8
to the plan with 21.Be3.}) 21. Qh5 Bxg5 22. Bxg5 f6 23. Ne4 $1 {The decisive
moment. White is not going to retreat.} Qf7 (23... fxg5 {is bad:} 24. Nc5 g6 (
24... Qe7 25. Nxb7 Qxb7 26. Bxd5+ Rxd5 27. Qxe8#) 25. Qf3 $18) ({and also} 
23... Kh8 24. Bxd5 Qxd5 25. Nxf6 gxf6 26. Bxf6+ Kg8 27. Qg4+ Kf7 28. Qg7+ Ke6
29. Bxd8 Nxd8 30. Rad1 $18) ({The move recommended as most stubborn by the
computer} 23... Rf8 {leads after} 24. Be3 Kh8 (24... Na5 25. Bxd5+ Qxd5 26. Bb6
$16) 25. Rad1 Nce7 26. Bb6 Rc8 27. Rd2 $1 $16 {to a position where Black is
tied hand and foot.}) 24. Qxf7+ Kxf7 25. Nc5 $2 {Again an incorrect move,
played too quickly. White misses the elegant tactical idea involving his
knight moving to d6, with immediate material gain.} ({After} 25. Be3 $1 Kg6 (
25... Na5 {does not work because of} 26. Bb6 Nxb3 27. Bxd8 Nxa1 28. Nd6+ $1 $18
{, this I didn't see.}) ({or} 25... Kf8 26. Bc5+ Nce7 27. Nd6 $18) 26. Bc5 {
and Black will lose material.} Nf4 27. Nd6 Re7 28. Bc2+ Kh5 29. Rad1 $18) 25...
Bc8 26. Red1 Nce7 ({After} 26... Be6 27. Be3 {the a6-pawn is hanging.}) 27. Bd2
Kf8 28. a4 $2 {The wrong choice. I debated whether to push the a or c-pawn,
but unfortunately I chose the one less favourable for me.} ({Stronger was} 28.
c4 Nb6 (28... bxc4 29. Ba4 $16) 29. cxb5 axb5 30. a4 Nc4 31. Bc3 $16) 28... Nc6
29. axb5 axb5 30. Bc2 f5 31. Bd3 Nc7 32. b4 {Fixing the weakness on b5.} Rd5
33. f3 {Being short of time, I was trying to play simply, aiming first of all
to restrict my opponent's active possibilities.} ({Meanwhile, it was also
interesting to consider opening the queenside by means of} 33. c4 bxc4 34. Bxc4
Rd4 35. Rac1 {and there is no problem from} Red8 {because of} 36. Nb3 R4d6 37.
b5 Ne7 38. Be2 {followed by the advance of the b-pawn.}) 33... h6 ({Or} 33...
Red8 34. Bg5 R8d6 35. Kf1 h6 36. Be3 {with more or less the same position.})
34. Kf1 (34. c4 {My first intention was} bxc4 35. Bxc4 Rd4 36. Rac1 Red8 37.
Nb3 R4d6 38. b5 Ne7 39. Be2) 34... Red8 35. Ke2 Ke7 36. g4 Kf6 $2 {An
oversight in severe time-trouble.} ({Essential was} 36... Rf8 37. Be3 Rf7 {
maintaining the defence.}) 37. gxf5 Bxf5 38. Be4 Bxh3 {Forced.} ({On} 38...
R5d6 {there is} 39. Nb7 $18) 39. Bxd5 Rxd5 40. Na6 $6 {An oversight on the
last move of the time-control. My idea was to break the defence of the rook d5
by the knight c7, and then give the discovered check on g5.} ({The tempting} 
40. Be3 {was stronger.}) 40... Ne8 $2 {A mistake in return. My opponent also
misses the refutation of my idea.} ({Sadly for me, after} 40... Ne6 {I would
have had to waste a couple of moves bringing the a6 knight back into the
centre, acknowledging my mistake, because} 41. Bg5+ $4 {does not work after}
Kxg5 42. Rxd5 Nf4+ $19) 41. Bg5+ Ke6 42. Nc5+ Kd6 43. Ne4+ Ke6 44. Be3 ({
The computer proposes to settle things tactically after} 44. Rh1 Bf5 45. Bxh6
gxh6 46. Rxh6+ Kd7 47. Ra8 $1 Rd6 $8 48. Nxd6 Nxd6 {, assessing the position
as winning for White. However, it seems to me that given the paucity of
material, and the lack of a white passed pawn, converting the advantage would
be associated with some significant technical problems. In the game, things
finish more quickly.}) 44... Rxd1 45. Rxd1 Kf7 46. c4 $1 {It is time at last!}
bxc4 47. b5 Na5 (47... Nb8 48. Ba7 Nd7 49. b6 $18) (47... Ne7 48. b6 Bc8 49.
Rd8 Bb7 50. Rd7 Bc6 51. b7 $18) 48. Nc5 $1 {Restricting the opposing pieces.
There is already no defence. There followed:} Ke7 (48... Bc8 49. b6 c3 50. b7
Nxb7 51. Nxb7 c2 52. Nd8+ Kf6 53. Rc1 $18) 49. Ra1 Nb3 50. b6 Nd6 51. Ra7+ Kd8
52. b7 Kc7 53. Na6+ {Black resigned.} 1-0

[Event "ESP-chT Honor Gp2"]
[Site "Torrelavega"]
[Date "2007.07.01"]
[Round "5"]
[White "Jakovenko, Dmitrij"]
[Black "Marin, Mihail"]
[Result "0-1"]
[WhiteElo "2708"]
[BlackElo "2533"]
[Annotator "Marin,M"]
[PlyCount "130"]
[EventDate "2007.06.27"]
[EventType "team"]
[EventRounds "5"]
[EventCountry "ESP"]
[SourceTitle "CBM 119"]
[Source "ChessBase"]
[SourceDate "2007.08.01"]
[SourceVersion "1"]
[SourceVersionDate "2007.08.01"]
[SourceQuality "1"]

1. e4 e5 2. Nf3 Nc6 3. Bb5 a6 4. Ba4 Nf6 5. O-O Be7 6. Re1 b5 7. Bb3 d6 8. c3
O-O 9. d4 Bg4 10. d5 Na5 11. Bc2 c6 12. h3 Bc8 13. dxc6 Qc7 14. Nbd2 Qxc6 15.
Nf1 Nc4 16. a4 Be6 {Cam pana aici imi aminteam din variantele pe care le-am
dat in cartea de-abia aparuta A Spanish Repertoire for Black.} 17. Ng5 Bd7 18.
b3 Na5 19. Bd2 Rfc8 20. Ne3 h6 21. Nf3 Be6 22. Nh4 Bf8 (22... Nxe4 23. axb5
axb5 24. Bxe4 Qxe4 25. Nef5 Bxf5 26. Rxe4 Bxe4 27. Qg4 $16) 23. Nhf5 Qb6 (23...
Nxe4 24. Qg4 Nxd2 25. Nxh6+ Kh8 26. Nxf7+ Kg8 (26... Bxf7 27. Qh4+ Kg8 28. Qh7#
) 27. Qh5 e4 28. Ng5 Bf5 29. Nxf5) 24. Nd5 Qd8 (24... Nxd5 25. Nxh6+ $3 (25.
exd5 Bxf5 26. Bxf5 $14) 25... gxh6 26. exd5 Bd7 27. Qh5 $40) 25. Qf3 (25. c4
Nb7) 25... Nxd5 26. exd5 (26. Nxh6+ gxh6 27. exd5 Bd7 28. Qh5 f5) 26... Bxf5
27. Qxf5 (27. Bxf5 Nxb3 $1) 27... g6 28. Qg4 b4 $5 29. Qxb4 Rab8 30. Qa3 f5 (
30... h5) 31. c4 e4 32. Rab1 h5 33. Bc3 Nb7 34. a5 (34. Qb2 a5 $44) 34... Bg7
35. Bd2 (35. Qa1 Qd7) 35... Bd4 $44 36. Kf1 Qf6 37. Qc1 Nd8 38. Bg5 Qe5 39. Bf4
Qf6 40. f3 $6 Nf7 41. fxe4 g5 (41... fxe4 42. Ke2) 42. e5 (42. Be3 Bxe3 43.
Qxe3 f4 $44) 42... Bxe5 43. Bd2 g4 44. Kg1 (44. Bf4 gxh3 45. gxh3 Qh4) 44...
gxh3 45. Qd1 Qh4 $19 46. Qf3 {Cu propunere de remiza!!!} hxg2 47. Kxg2 (47.
Qxg2+ Kh8 $19) (47. Qxf5 Qh2+ 48. Kf2 g1=Q+) (47. Rxe5 Nxe5 48. Qxf5 Qh1+ 49.
Kf2 Rf8 $19) 47... Qh2+ 48. Kf1 Qxd2 49. Re2 Qh6 50. Rg2+ Kh8 51. Qxf5 Rg8 52.
Rg6 Rxg6 53. Qxg6 Bc3 54. Qxh6+ Nxh6 55. Kg2 Re8 56. Kf3 Ng4 57. Rh1 Re3+ 58.
Kf4 Re5 59. Bd1 Nf6 60. Rg1 Bd2+ 61. Kf3 Re3+ 62. Kg2 Re1 63. Rxe1 Bxe1 64. Kf3
Bxa5 65. Kf4 Kg7 0-1

[Event "Dortmund SuperGM 40th"]
[Site "Dortmund"]
[Date "2012.07.15"]
[Round "3"]
[White "Leko, Peter"]
[Black "Gustafsson, Jan"]
[Result "1-0"]
[WhiteElo "2730"]
[BlackElo "2629"]
[Annotator "Marin,M"]
[PlyCount "89"]
[EventDate "2012.07.13"]
[EventType "tourn"]
[EventRounds "9"]
[EventCountry "GER"]
[EventCategory "19"]
[SourceTitle "CBM 150"]
[Source "ChessBase"]
[SourceDate "2012.09.14"]
[SourceVersion "1"]
[SourceVersionDate "2012.09.14"]
[SourceQuality "1"]

1. e4 e5 2. Nf3 Nc6 3. Bb5 a6 4. Ba4 Nf6 5. O-O Be7 6. d3 d6 7. c3 O-O 8. Re1
Re8 9. Nbd2 Bf8 {Black has chosen a regrouping in the spirit of the Smyslov
Variation. Since there is no white bishop on b3, the move ...h6 is not
necessary yet.} 10. d4 {The same comment as in the game Caruana-Gustafsson
applies here: White is not forced to occupy the centre at once.} (10. Nf1 h6
11. Ng3 (11. h3 b5 12. Bb3 Na5 13. Bc2 c5 14. Ne3 Nc6 15. a4 Be6 16. Bb3 Qd7
17. Nh2 Bxb3 18. Qxb3 Qe6 19. Qd1 d5 $11 {Almasi,Z (2710)-Fressinet,L (2696)/
Germany 2012/CBM 148 (1/2, 25)}) 11... b5 12. Bc2 g6 13. a4 Rb8 14. d4 Bg7 15.
axb5 axb5 16. h3 Bd7 17. Be3 Ra8 18. Qd2 Kh7 19. b3 Qb8 20. d5 Ne7 21. c4 $14 {
Ponomariov,R (2727)-Tomashevsky,E (2736)/Sochi 2012/CBM 148 (1/2, 38)}) 10...
b5 ({In the following game, Black managed to start some surprisingly effective
counterplay, based precisely on the somewhat premature occupation of the
centre:} 10... exd4 $5 11. cxd4 b5 12. Bc2 Bg4 13. h3 Bh5 14. Nf1 (14. d5 Nd4
15. Bd3 c5 $5 16. dxc6 Nxc6 {/\...d5}) 14... d5 (14... Bxf3 15. gxf3) 15. e5
Ne4 16. Ng3 Nxg3 17. fxg3 Nb4 18. Bb1 (18. Bxh7+ Kxh7 19. a3 Kg8 20. axb4 Bxb4
21. Bd2 Bf8 22. b4 Re6) 18... c5 19. dxc5 Bxc5+ 20. Kh2 Bg6 21. Bxg6 hxg6 22.
a3 Nc6 23. Bf4 Qd7 $132 {Vallejo Pons,F (2677)-Cabrera,A (2502)/Albox 2005/CBM
106 ext (0-1, 66)}) 11. Bc2 {With the moves ...h7-h6 and h2-h3 inserted, this
would be a position examined in one of my articles on the Smyslov variation 
(see CBM 129, 130 and 131).} Bg4 $6 {One of the first opening subtleties I had
learned as a kid was that in the Spanish opening Black should not allow his
bishop to be driven to h5 and g6. The present game will not shake my confidene
in this statement.} (11... g6 {This is a move frequently played in the Smyslov
Variation, but I believe that it is not always good. In many cases, Black
should leave the g6-square available for his c6-knight, in order to meet d4-d5
with ...Nc6-e7-g6.} 12. Nf1 Bg7 13. d5 $1 {The logical reaction to ...g7-g6.}
Ne7 {The knight is passive now.} 14. a4 Bd7 15. Ng3 c5 16. h3 Qb8 17. Nh2 h6
18. Rf1 $14 {/\f2-f4} bxa4 $6 {A horrible move.} 19. Bxa4 Bxa4 20. Rxa4 Nd7 21.
Qc2 Rf8 22. Ng4 Kh7 23. Ne3 Bf6 24. Nc4 Nb6 25. Nxb6 Qxb6 26. Be3 Bg5 27. Bxg5
hxg5 28. Rfa1 Ra7 29. Nf1 f5 30. Nd2 $16 {Volokitin,A (2677)-Kryvoruchko,Y 
(2640)/Kiev 2011/CBM 143 (1-0, 72)}) (11... Bd7 12. Nf1 (12. Nb3 h6 13. h3 Qb8
14. dxe5 Nxe5 15. Nxe5 dxe5 16. Be3 a5 17. Qf3 a4 18. Nc5 Bc6 $11 {Lutikov,A 
(2500)-Ornstein,A (2470)/Albena 1976/EXT 2005 (1-0, 54)}) 12... h6 13. h3 {
was played, with a transposition to a genuine Smyslov tabyia.}) (11... exd4 12.
cxd4 Bg4 {would transpose to Vallejo Pons,F (2677)-Cabrera,A (2502)/Albox 2005/
CBM 106 ext (0-1, 66) above.}) 12. h3 Bh5 13. d5 Ne7 {Since two of the pieces
are competing for the g6-square, Black will have to play ...c7-c6 in order to
activate his knight. This will weaken the d5-square, without the possibility
of using the light-squared bishop for protecting it. With the bishop on d7
rather than on h5, as in many Smyslov lines, Black would not even have to play
...c6. Instead, he could start a slow kingside counterplay, as shown in my
articles.} (13... Na7 {is not too inspiring, either.} 14. Nf1 c6 15. Ng3 Bg6 (
15... Bxf3 16. Qxf3 cxd5 17. exd5 $16 {/\a4, /\Bg5, /\Nf5}) 16. Bg5 cxd5 17.
Bxf6 Qxf6 18. Qxd5 Rab8 19. h4 h6 (19... h5 20. Ng5 $14) 20. h5 Bh7 21. Nh2 Nc8
22. Ng4 Qf4 23. Ne3 Nb6 24. Qd1 $14 {Akopian,V (2713)-Atalik,S (2599)/Crete
2007/CBM 121 (1-0, 45)}) 14. Nf1 h6 15. a4 $146 {Highlighting the fact that
the b5-pawn lacks the bishop's defence.} ({The previously played} 15. g4 {
also looks good:} Bg6 16. Ng3 c6 17. dxc6 Nxc6 18. Nh4 Bh7 19. Nhf5 {Piorun,K 
(2353)-Baryshpolets,A (2399)/Krakow 2008/CBM 122 Extra (1/2, 50)}) 15... c6 16.
dxc6 Nxc6 17. Ng3 Bxf3 (17... Bg6 18. Nh4 Bh7 19. Nhf5 b4 20. Qf3 {leads to a
similar position. Black could transpose to the game with an exchange on f5,
but little more than that, since the bishop is passive on h7.}) 18. Qxf3 b4 {
A typical solution to the queenside tension, but in the absence of the bishop
it just creates new weaknesses.} 19. Nf5 bxc3 20. bxc3 $16 {Black has little
to play for. White has a very active position and a mighty light-squared
bishop.} Na5 21. Rd1 Re6 22. Ba3 g6 23. Ne3 Kg7 24. Bb4 Ra7 (24... Nc6 25. Bb3
Re8 26. Ba3 $5 $16) 25. Rab1 Re8 26. Rd2 Nc6 27. Bc5 $1 ({Even better than} 27.
Ba3 $16) 27... Rd7 28. Bb6 Qa8 29. a5 $18 {The a6-pawn will be doomed in the
long run. Although Leko's play in the next phase may be called "overcautious",
the final result will never be put in doubt.} Rc8 30. Rbd1 (30. Ba4 {/\Nd5} Rb7
31. Bb3 $18) 30... Nb8 31. Nd5 Nxd5 32. Rxd5 Qc6 33. R5d3 Rb7 34. Bb3 Qe8 35.
Bd5 Re7 36. Qe2 Nd7 37. Rf3 Nc5 38. Ra1 (38. Bxc5 Rxc5 39. Qxa6 Qa4 40. Rb1
Rxa5 41. Qxd6 $18 {[%csl Rf7,Rg6][%cal Gd6f6]}) 38... Na4 39. Qc2 Nc5 40. Qe2
Na4 41. Qxa6 Nxc3 42. Qd3 Nxd5 43. Qxd5 Qc6 44. Rb3 Qxd5 45. exd5 {With the
bishop passive on f8, Black cannot prevent the promotion of the a-pawn.
However, it is strange that he chose this moment to resign; optically, his
position after 29 moves was even worse!} 1-0